Méli-mélo de questions sur la romanité - Statistiques

Statistiques générales
  • Ce quiz a été pris 78 fois
    77 depuis la dernière actualisation
  • Le résultat moyen est 5 sur 15
Statistiques - réponses
Hint Réponse % Correct
Comment s'appelle le fondateur légendaire de Rome? Romulus
100%
Dans quel actuel pays est située la colonie romaine de Londinium? Royaume-Uni / Angleterre
85%
Comment s'appelle la déesse de la chasse chez les romains? Diane
79%
Selon la légende, comment s'appelle l'illustre ancêtre Troyen des romains? Énée
55%
Comment s'appelle le port de Rome, situé à 30km de la ville? Ostie
48%
Par quelle appellation les romains désignaient la Mer Méditerranée? Mare Nostrum
47%
Hormis Pompéi, quelle autre ville de l'époque fut entièrement anéantie par l'éruption du Vésuve? Herculanum
37%
Quel empereur romain est à l'initiative de la conquête de la Bretagne? Claude
31%
De quel divinité prétend descendre la famille Julii? Vénus
23%
Dans quel actuel pays est majoritairement située la province romaine de Norique? Autriche
13%
Comment s'appelle le "dîner" chez les romains? Le principal repas de la journée. cena
11%
Dans quelle cour notable Aetius était-il otage dans sa jeunesse? Hunnique / Huns
8%
En 53 av. J-C, les Parthes infligent une terrible défaite aux romains commandés par Crassus, comment s'appelle cette bataille? Carrhes
6%
Comment s'appelle la seule province romaine de l'actuelle Turquie à ne pas avoir d'accès maritime? Galatia / Galatie
5%
Dans quel actuel pays se situe l'aqueduc romain le plus long jamais construit? Jordanie
0%
Aucun quiz correspondant
Distribution des résultats
% des personnes avec chaque résultat
Percentile par nombre de réponses
Votre historique - résultats
Vous n’avez pas pris ce quiz depuis la dernière actualisation